Normal view MARC view
  • The universe around us

Entry Topical Term

Number of records used in: 1

001 - CONTROL NUMBER

  • control field: 103607

003 - CONTROL NUMBER IDENTIFIER

  • control field: NUST

005 - DATE AND TIME OF LATEST TRANSACTION

  • control field: 20221125121618.0

008 - FIXED-LENGTH DATA ELEMENTS

  • fixed length control field: 221125|| aca||aabn | a|a d

040 ## - CATALOGING SOURCE

  • Original cataloging agency: NUST
  • Transcribing agency: NUST

150 ## - HEADING--TOPICAL TERM

  • Topical term or geographic name entry element: The universe around us

670 ## - SOURCE DATA FOUND

  • Source citation: Work cat.: (NUST)181347: Jeans, James Sir, 103525, The universe around us / , 1944.
© 2023 Central Library, National University of Sciences and Technology. All Rights Reserved.